000 04380nas a22002897a 4500
003 NALT
005 20250307110949.0
006 a|||p|r|||| 00| 0
007 ta
008 250307b th |||p| |||| 00| 0 tha d
040 _aNALT
041 _atha
245 0 0 _aนิติศาสตร์ มหาวิทยาลัยธรรมศาสตร์ ปีที่ 48 ฉบับที่ 3-4 (ก.ย.-ธ.ค. 2562)
260 _aคณะนิติศาสตร์ มหาวิทยาลัยธรรมศาสตร์
310 _aรายสามเดือน
500 _aวารสารเย็บเล่ม
505 2 _aปีที่ 48 ฉบับที่ 3 ก.ย. 2562 -- ปัญหาทางกฎหมายเกี่ยวกับสิทธิเหนือท่อส่งปิโตรเลียมของ ปตท. -- ปัญหาความยินยอมของผู้ถือหุ้นในการลดทุนบริษัทจำกัด -- การปะทะกันแห่งคุณค่าในกฎหมายรัฐธรรมนูญไทย -- ปัญหาในทางกฎหมายว่าด้วยสถานะและผลการออกคำสั่งของแพทยสภาในประเทศไทย -- ศาลครอบครัวของประเทศญี่ปุ่น -- การพัฒนากฎหมายการกำกับดูแลมาตรฐานการศึกษาของมหาวิทยาลัยเอกชนไทยเพื่อให้สอดคล้องกับความผูกพันในความตกลงว่าด้วยการค้าบริการของอาเซียนสาขาการศึกษา -- การตรวจสอบสิทธิมนุษยชนอย่างรอบด้าน: กรณีศึกษาแรงงานเคลื่อนย้ายถิ่นฐานในอุตสาหกรรมก่อสร้างในจังหวัดสงขลา -- การโอนกรรมสิทธิ์ในสังหาริมทรัพย์โดยสัญญาซื้อขาย: ศึกษาเปรียบเทียบระบบกฎหมายจีนและไทย -- อำนาจฝ่ายเดียวของฝ่ายปกครองในการเลิกสัญญาทางปกครอง: คดีโฮปเวลล์ -- ความหมายของ "การกระทำชำเรา" ตามกฎหมายที่แก้ไขใหม่.
_aปีที่ 48 ฉบับที่ 4 ธ.ค. 2562 -- การคุ้มครองสิทธิเด็กภายใต้หลักประโยชน์สูงสุดของเด็กในกฎหมายไทย -- ความผิดที่เป็นการเริ่มต้น: ศึกาากรณีการรับอาสากระทำความผิด -- โทษจำคุกตลอดชีวิตที่ไม่ควรตลอดชีวิต: มุมมองต่อคำพิพากษาและบทบาทของศาลสิทธิมนุษยชนยุโรป -- ทรัพย์เสมือนจริงกับความผิดทางอาญาเกี่ยวกับทรัพย์ -- การหลบเลี่ยงมาตรการตอบโต้การทุ่มตลาดและการอุดหนุน หลักเกณฑ์ กระบวนการไต่สวน และบทลงโทษ.
650 0 _aกฎหมายการศึกษา
_91606
650 0 _aแรงงานย้ายถิ่น
_965215
650 0 _aการคุ้มครองเด็กและเยาวชน
_913696
850 _aNALT
866 _aปีที่ 48 ฉบับที่ 3 (ก.ย. 2562)
866 _aปีที่ 48 ฉบับที่ 4 (ธ.ค. 2562)
942 _cBOUND
996 _aaroonthip.c
_bLIBSTF
_c2025-03-07
999 _c106369
_d106369
998 _h179
_j179
_k อรุณทิพย์ จันทร์ดิษฐ์